000 005850000a22001690004500
003 MACL
005 20160406103831.0
008 160406b xxu||||| |||| 00| 0 eng d
040 _aMACL
_cMACL
041 _aHindi
082 _a340
100 _aजैन सुरेश चन्‍द्र
_950690
245 _aपुलिस एवं अदालतों में नागरिक सहभागिता
260 _bकन्‍सेप्‍ट पब्लिशिंग
_c2005
_aनई दिल्‍ली
650 _aLaw
_950691
942 _cHIN
_k340
_2ddc
999 _c18388
_d18388